MARC

LEADER 00000nam0a2200000 4500
001 675018
005 20240927155656.0
090 |a 675018 
100 |a 20240927d1978 m||y0rusy50 ca 
101 0 |a rus 
102 |a RU 
105 |a a j 001yy 
181 0 |a i   |b  e  
182 0 |a n 
183 0 |a nc  |2 RDAcarrier 
200 1 |a Дифракционные и интерференционные измерительные приборы  |e учебное пособие по курсу "Измерительные приборы в машиностроении"  |f И. И. Васильева, Е. М. Махов  |g Северо-Западный заочный политехнический институт 
203 |a Текст  |b визуальный  |c непосредственный 
210 |a Ленинград  |c Изд-во СЗПИ  |d 1978 
215 |a 79 с.  |c ил. 
283 |a volume  |2 RDAcarrier 
320 |a Список использованной литературы: с. 78 
606 |a Контрольно-измерительные инструменты и приборы в машиностроении  |9 41792 
610 1 |a учебные пособия 
610 1 |a интерференционные приборы 
610 1 |a дифракционные приборы 
610 1 |a поляризационные приборы 
610 1 |a интерферометры 
610 1 |a полярископы 
610 1 |a поляризационные микроскопы 
675 |a 621.002.56(075.8)  |v 4 
700 1 |a Васильева  |b И. И.  |g Ирина Ивановна 
701 1 |a Махов  |b Е. М.  |g Евгений Михайлович 
712 0 2 |a Северо-Западный заочный политехнический институт  |c (Ленинград)  |9 23712 
801 0 |a RU  |b 63413507  |c 20240927 
830 |a Ретро2024Каталогизация 
850 |a 63413507 
942 |c BK